[Event "Norwood Centenary"]
[Site "Norwood"]
[Date "1990.04.14"]
[Round "1.1"]
[White "Coleman, Edwin"]
[Black "Zaric, Srboljub"]
[Result "1/2-1/2"]
[WhiteElo "1613"]
[BlackElo "2180"]
[PlyCount "113"]
[EventDate "1990.04.14"]
[EventType "swiss"]
[EventRounds "6"]
[EventCountry "AUS"]

1. c4 c5 2. g3 Nc6 3. Bg2 g6 4. e3 Bg7 5. Ne2 e5 6. Nbc3 Nge7 7. O-O {
English Opening [Botvinnik Variation]} O-O 8. Rb1 (8. Nd5 d6 9. Nec3 Rb8 10. d3
a6 11. a4 Be6 12. Bd2 b6 13. f4 f5 14. Nxe7+ Nxe7 15. e4 a5 16. fxe5 dxe5 17.
Nd5 Nc6 18. Be3 Nd4 19. Bxd4 cxd4 20. exf5 gxf5 21. Qd2 Qd6 22. b4 axb4 23.
Nxb4 e4 24. dxe4 fxe4 25. Bxe4 Bxc4 26. Nd3 Bh6 27. Qc2 Be3+ 28. Kg2 Bd5 29.
Nb4 Bxe4+ 30. Qxe4 Qxb4 31. Qe6+ {
1/2-1/2 Mackowiak,M-Bernei,A/Cappelle op 1989/TD 89\04 (31)}) 8... d6 $146 (
8... a6 9. a3 b5 10. b4 cxb4 11. axb4 bxc4 12. Nd5 Rb8 13. Ba3 Nxd5 14. Bxd5
Ne7 15. Bxc4 d5 16. Ba2 Bh3 17. Re1 Bg4 18. Qa4 Bf3 19. b5 Qd7 20. g4 axb5 {
0-1 Godfrey,J-Barbero,G/Thessaloniki olm 1988/TD 88\06 (20)}) 9. a3 {Secures b4
} Be6 10. Nd5 {A comfortable square for the white knight} Rb8 11. Nec3 Qd7 12.
b4 b6 $14 (12... cxb4 $5 {should be investigated more closely} 13. axb4 b5 14.
Nxe7+ Nxe7 15. cxb5 d5 $11) 13. b5 {White wins space} Na5 14. d3 {
Consolidates c4} Nxd5 15. Nxd5 {The white knight is well posted.} Nb7 16. Bd2
Nd8 17. Bc3 Bh3 18. f4 Bxg2 19. Kxg2 f5 20. Qc2 Ne6 21. a4 Nc7 22. Nxc7 Qxc7
23. Rbe1 Rbe8 24. e4 exf4 25. Rxf4 Be5 26. Rf3 f4 27. gxf4 Bxf4 28. Ref1 Qe7
29. Kh1 Be5 30. Rxf8+ $17 (30. Be1 $5 $11 {is an interesting alternative})
30... Rxf8 31. Rxf8+ Qxf8 {Do you see the mate threat?} 32. Kg2 Qf4 33. Bxe5
dxe5 34. a5 $17 (34. Qf2 g5 35. Qxf4 gxf4 36. Kf3 $17) 34... Kg7 $15 (34...
bxa5 35. Qc3 Qg4+ 36. Kf2 Qh4+ 37. Kg2 Qg5+ 38. Kf2 a4 $15) 35. Qc3 g5 36. Qa3
Qd2+ 37. Kf1 Kg6 38. axb6 axb6 39. Kg1 Qe1+ 40. Kg2 Qe2+ 41. Kg1 Qg4+ 42. Kf2
Qf4+ 43. Kg1 h6 $11 (43... Kh5 44. Qb2 $15) 44. Qa6 Qf6 45. Qc8 h5 46. Qe8+ Kh6
47. Qc8 Kg7 48. Qd7+ Kf8 49. h3 h4 50. Kg2 Qf4 51. Qd8+ Kf7 52. Qd7+ Kg6 53.
Qe8+ Kg7 54. Qe7+ Kh6 55. Qe6+ Kh5 56. Qe8+ Kh6 57. Qe6+ 1/2-1/2

[Event "Norwood Centenary"]
[Site "Norwood"]
[Date "1990.04.14"]
[Round "1.2"]
[White "Corner, Michael"]
[Black "Hatch, John H"]
[Result "1-0"]
[WhiteElo "1923"]
[BlackElo "1604"]
[PlyCount "39"]
[EventDate "1990.04.14"]
[EventType "swiss"]
[EventRounds "6"]
[EventCountry "AUS"]

1. d4 d5 2. e4 dxe4 3. Nc3 Nf6 4. f3 exf3 5. Nxf3 {Blackmar [Diemer] Gambit} c6
6. Bc4 Bg4 7. Bxf7+ Kxf7 8. Ne5+ Ke8 9. Nxg4 Nbd7 10. O-O Nxg4 11. Qxg4 Nf6 12.
Qh4 h6 $146 {Consolidates g5} (12... Qa5 13. Bg5 Rd8 14. Rae1 Qb4 15. Rxf6 gxf6
16. Bxf6 Rg8 17. Qxh7 Qd6 18. Ne4 Qe6 19. Bh8 Rg6 20. Nf6+ Rxf6 21. Rxe6 Rxe6
22. Be5 Rh6 23. Qg8 Kd7 24. Bf4 Rf6 25. Qg4+ Ke8 26. Be5 Rh6 27. h4 e6 28. c3
Be7 29. g3 Kd7 30. Qg7 Rh5 31. Bf6 Re8 32. g4 Rb5 33. h5 e5 34. h6 exd4 35.
cxd4 Kc8 36. Qxe7 Rxe7 37. Bxe7 Rxb2 38. h7 {
1-0 Windt,A-Strobel,T/RLNN 1989/BIG 80 (38)}) 13. Bg5 hxg5 $16 (13... Rg8 14.
Bxf6 gxf6 15. Qh5+ Kd7 16. Rad1 $14) 14. Qxh8 Qxd4+ 15. Kh1 Qh4 16. Qxh4 gxh4
17. Rae1 Rd8 18. Rf4 Nd5 $4 $18 {causes even greater problems} (18... Rd2 $142
$16) 19. Nxd5 cxd5 20. Ref1 (20. Ref1 Rd6 21. Rxf8+ Kd7 22. R1f2 $18) (20. Rxh4
$6 {is clearly worse} Kd7 $18) 1-0

[Event "Norwood Centenary"]
[Site "Norwood"]
[Date "1990.04.14"]
[Round "1.3"]
[White "Walshe, D Bradley"]
[Black "Freytag, Justin"]
[Result "1/2-1/2"]
[WhiteElo "1560"]
[BlackElo "1909"]
[PlyCount "78"]
[EventDate "1990.04.14"]
[EventType "swiss"]
[EventRounds "6"]
[EventCountry "AUS"]

1. e4 e5 2. Nf3 Nc6 3. Bb5 a6 4. Ba4 Nf6 5. O-O Be7 6. Re1 b5 7. Bb3 d6 8. c3
O-O 9. d4 Bg4 {Ruy Lopez [Deviations from main line]} 10. dxe5 (10. a3 Bxf3 11.
gxf3 Qc8 12. f4 Qh3 13. Re3 Qh4 14. Rg3 exf4 15. Rg2 Na5 16. Bc2 c5 17. Nd2
cxd4 18. Nf3 Qh5 19. Nxd4 Qxd1+ 20. Bxd1 Nxe4 21. Nf5 Bf6 22. Bxf4 Nc4 23. Nxg7
Kh8 24. Nh5 Be5 25. Bxe5+ Nxe5 26. f3 Nc5 27. f4 Ng6 28. Bc2 f5 29. Re1 d5 30.
Rd2 Rad8 31. Red1 {
1/2-1/2 Nijboer,F-Gabriel,C/BL9697 Solingen-Bochum 1996/BL9697 (31)}) 10...
Nxe5 11. Nbd2 Nd3 $146 (11... Nfd7 12. h3 Bh5 13. Qc2 Bxf3 14. Nxf3 Nxf3+ 15.
gxf3 Ne5 16. Qe2 g5 17. Kh1 Qd7 18. Kh2 Ng6 19. Rg1 Kh8 20. Bxg5 Bxg5 21. Rxg5
Nf4 22. Qf1 Rg8 23. Rg4 Rxg4 24. fxg4 Qe7 25. f3 Rg8 26. Qf2 Rg6 27. Qg3 Qf6
28. h4 h6 29. Rd1 Ne2 30. Qf2 Rxg4 31. Kh3 h5 32. Rd5 Nf4+ 33. Kh2 Rxh4+ 34.
Kg1 Qg7+ 35. Kf1 Rh1+ {0-1 Valagoutis,A-Crouch,C/Ano Liosia op 1996/EXP 51 (35)
}) 12. Re3 Nc5 13. Bc2 d5 14. Qe1 $15 (14. e5 $5 Nfe4 15. b4 $14 (15. Bxe4 $143
dxe4 (15... Nxe4 $6 16. Nxe4 dxe4 17. Qxd8 Raxd8 18. Nd2 $15 (18. Rxe4 $2 {
doesn't solve anything} Rd1+ 19. Ne1 Bf5 $19)) 16. h3 Bxf3 17. gxf3 Bg5 $17))
14... dxe4 $11 (14... Bxf3 15. gxf3 Re8 16. Nb3 $15) 15. Nxe4 {
White gets strong play along the open d-file.} Bxf3 16. Nxf6+ ({Weaker is} 16.
Rxf3 Nfxe4 17. b4 Re8 18. bxc5 Bxc5 $17) (16. gxf3 $6 Qd7 $11) 16... Bxf6 17.
Rxf3 ({Less advisable is} 17. gxf3 Qd5 $15) 17... Re8 {The mate threat is Rxe1}
18. Qf1 Ne4 $14 (18... Qd5 19. Bf4 $11) 19. Rd3 Qc8 20. Be3 Qe6 21. Bb3 Qf5 22.
Rd5 Re5 23. Rad1 c5 $16 (23... Rae8 24. Rd7 R5e7 25. Qd3 $14) 24. Rxe5 Bxe5 (
24... Qxe5 25. Bd5 Re8 26. Bc6 $16) 25. Qd3 {Do you see the mate threat?} Re8
26. Qd7 $11 (26. Bd5 $142 Nd6 27. Qxf5 (27. Bxc5 $2 {
doesn't lead to the expected results} Qxd3 28. Rxd3 Bd4 $19) 27... Nxf5 28.
Bxc5 $16) 26... Qxd7 27. Rxd7 c4 28. Bc2 Nf6 29. Ra7 Bf4 30. Rxa6 Ng4 31. h3
Nxe3 32. fxe3 Bxe3+ 33. Kf1 g6 34. b3 $15 (34. Ra5 $5 {should be considered}
Bf4 35. Kf2 $11 (35. Rxb5 $4 {A poison bait which should not be taken} Bg3 36.
Rb8 Rxb8 $19)) 34... Bf4 35. Kf2 Re3 36. bxc4 Rxc3 37. Bb3 bxc4 38. Rc6 Bg3+
39. Ke2 Kf8 1/2-1/2

[Event "Norwood Centenary"]
[Site "Norwood"]
[Date "1990.04.14"]
[Round "1.4"]
[White "Speck, Nicholas S"]
[Black "Trice, James"]
[Result "1-0"]
[WhiteElo "1907"]
[BlackElo "1543"]
[PlyCount "81"]
[EventDate "1990.04.14"]
[EventType "swiss"]
[EventRounds "6"]
[EventCountry "AUS"]

1. e4 d6 2. d4 Nf6 3. Nc3 g6 {Pirc Defence} 4. Bg5 Bg7 5. Nf3 O-O (5... c5 6.
dxc5 Qa5 7. Qd2 Qxc5 8. Be3 Qa5 9. h3 Nc6 10. Bc4 Qb4 11. Bb3 Nxe4 12. Nxe4
Qxe4 13. Bxf7+ Kf8 14. Bd5 Qb4 15. c3 Qa5 16. O-O Ke8 17. Rfe1 Kd7 18. Rad1 h6
19. Bf4 Qc5 20. Bxc6+ Qxc6 21. Be5 Bf6 22. Bxf6 exf6 23. Qe2 Kc7 24. Nd4 Qc5
25. Qe7+ Kb6 26. Nb3 {
1-0 Schuette,M-Schubert,R/2.BLN9697 Delmenhorst II-Anhalt 1997/BL2-N (26)}) 6.
Qd2 Nbd7 (6... Bg4 7. Be2 Nc6 8. d5 Bxf3 9. gxf3 Nb8 10. h4 h5 11. f4 Nbd7 12.
f5 Kh7 13. fxg6+ fxg6 14. f4 c6 15. O-O-O Qb6 16. Na4 Qc7 17. Bd3 b5 18. Nc3 b4
19. Ne2 Qa5 20. Kb1 cxd5 21. exd5 Nxd5 22. Bxg6+ Kxg6 23. Qxd5 Qxd5 24. Rxd5
Rf5 25. Rxf5 Kxf5 26. Bxe7 Re8 27. Re1 Bf6 28. Bxd6 Re3 29. Bxb4 Bxh4 30. Nd4+
{1-0 Kuijf,M-Huenerkopf,H/Munich op9192 1992/TD 92\03 (30)}) 7. e5 $11 {
White gains space} (7. Bh6 e5 8. O-O-O Qe7 9. Bxg7 Kxg7 10. Bd3 c6 11. h3 Re8
12. Qe3 b6 13. Nd2 Bb7 14. f4 Rad8 15. dxe5 dxe5 16. f5 Nc5 17. Be2 Rd7 18. g4
Ng8 19. g5 f6 20. h4 Bc8 21. Rdg1 Rf8 {
Horn,P-Umbach,A/Zuerich op 1992/TD 92\11/1-0 (39)}) (7. O-O-O c5 $14) 7... dxe5
8. dxe5 Ng4 9. O-O-O Ngxe5 10. Nxe5 Bxe5 11. h4 Qe8 $16 (11... h5 $5 $14) 12.
Nd5 $14 (12. Bh6 $5 Bg7 13. h5 $16) 12... Nb6 $16 (12... f6 $5 {
deserves consideration} 13. f4 Bd6 $14 (13... fxg5 $2 {
may look interesting but causes some serious problems} 14. fxe5 Qf7 15. Qxg5
$18 (15. hxg5 $6 Nxe5 16. Qd4 Nc6 $14))) 13. Nxe7+ (13. Bxe7 $2 Nxd5 $1 {
a devastating blow} 14. Bg5 Be6 $19) 13... Kh8 14. Nxc8 (14. h5 gxh5 15. Nxc8
Rxc8 $16) 14... Qxc8 15. h5 Qe6 16. Qa5 Qf5 17. Bd2 Rfd8 18. hxg6 fxg6 19. Bd3
Qf6 20. Qa3 Rd7 (20... Qxf2 21. Qe7 $1 {finishing him off} Rd7 22. Qxe5+ Rg7
23. Bxg6 Kg8 24. Qe6+ Rf7 25. Bxh7+ Kf8 26. Bh6+ Rg7 27. Rhf1 Nd5 28. Rxf2+ Nf4
29. Rxf4#) 21. Rde1 Bf4 22. Qc3 $15 (22. Bxf4 $142 {and White can hope to live}
Qxf4+ 23. Kb1 $16) 22... Qxc3 23. bxc3 Bxd2+ 24. Kxd2 Rad8 25. Rh4 Nd5 26. a3 {
Secures b4} g5 27. Rhe4 Nf4 28. Re8+ Rxe8 29. Rxe8+ Kg7 30. g3 Nh3 31. Ke3 Rf7
$16 (31... Kf6 $5 $11 {is an interesting idea}) 32. f3 $11 (32. Bc4 $5 Rxf2 33.
Re7+ Kg6 34. Rxc7 $16) 32... Ng1 33. Be4 c6 34. Re5 h6 35. Re6 Rf6 36. Re7+ Rf7
37. Re6 $11 (37. Rxf7+ $142 Kxf7 38. Bf5 $18) 37... Rd7 $4 $18 {
letting the wind out of his own sails} (37... Rf6 $142 {would be a reprieve}
38. Re8 Rf7 $14) 38. Rg6+ Kf8 39. Rxh6 g4 (39... Rd1 40. Kf2 Ra1 41. c4 $18)
40. fxg4 Rd1 41. Kf2 (41. Kf2 Ra1 42. Rh1 $18) 1-0

[Event "Norwood Centenary"]
[Site "Norwood"]
[Date "1990.04.14"]
[Round "1.5"]
[White "Sarma, Venu"]
[Black "Sykes, Alexander"]
[Result "0-1"]
[WhiteElo "1498"]
[BlackElo "1894"]
[PlyCount "62"]
[EventDate "1990.04.14"]
[EventType "swiss"]
[EventRounds "6"]
[EventCountry "AUS"]

1. Nf3 d5 2. c4 d4 3. d3 c5 4. g3 Nc6 5. Bg2 e5 {Reti Opening} 6. O-O Bd6 7. e3
(7. Na3 Nge7 8. Nc2 O-O 9. a3 a5 10. b3 h6 11. Bd2 f5 12. Rb1 Ng6 13. b4 e4 14.
Nfe1 Qe7 15. e3 axb4 16. axb4 dxe3 17. Nxe3 Nxb4 18. Bxb4 cxb4 19. Nd5 Qd8 20.
dxe4 f4 21. Nd3 Ra3 22. Re1 Qg5 23. Rb3 Bg4 24. Qc2 fxg3 25. hxg3 Bf3 26. Rxa3
bxa3 27. Re3 Nh4 28. Bxf3 Nxf3+ 29. Kg2 Qh5 30. N5f4 Nd4 31. Qa2 Bxf4 32. Nxf4
Qc5 33. Qxa3 Qxc4 34. Rc3 Qf7 35. Qb2 Re8 36. Re3 Ne6 37. Nh3 Rd8 38. Rf3 Qd7
39. Rf5 Qc6 40. Re5 Kh7 41. Qe2 Rd4 {
Hickl,J-Loeffler,S/BL9596 1996/BL 90/1-0 (74)}) 7... Nge7 8. exd4 cxd4 9. Re1 (
9. b3 O-O 10. Ba3 Bg4 11. Bxd6 Qxd6 12. a3 a5 13. Nbd2 f5 14. Re1 Ng6 15. Qc2
Kh8 16. c5 Qf6 17. Rab1 Rad8 18. b4 axb4 19. axb4 e4 20. dxe4 f4 21. Rf1 Bxf3
22. Bxf3 Nge5 23. Qd1 d3 24. Kg2 Nd4 25. g4 Ra8 26. Ra1 Qg6 27. h3 {
0-1 Sunye Neto,J-Short,N/Solingen 1986/TD 86\01 (27)}) 9... a5 $146 (9... f6
10. Nbd2 Be6 11. a3 a5 12. Ne4 Bc7 13. Bd2 Qc8 14. b4 O-O 15. Nc5 Bg4 16. Qb3
b6 17. Na4 Rb8 18. b5 Nd8 19. Nxd4 exd4 20. Rxe7 Be6 21. Re1 Kh8 22. Rxc7 Qxc7
23. Bf4 Qc8 24. Qb2 Rb7 25. Qxd4 {
1-0 Nutu Gajic,D-Reimer,E/Dubai olw 1986/TD 86\02 (25)}) 10. Na3 O-O 11. Nc2
Ng6 12. a3 {Covers b4} Bf5 13. Rb1 a4 14. Ng5 Qd7 15. Ne4 Bg4 16. Bf3 Bxf3 17.
Qxf3 Rab8 18. b3 axb3 {Black advances the passed pawn} 19. Rxb3 Be7 20. Bd2 f5
{Black gets deadly initiative} 21. Ng5 Bxg5 22. Bxg5 e4 {This push gains space}
23. dxe4 Nce5 {Black prepares the advance d3} 24. Qd1 $17 (24. Qg2 d3 25. f4
Nxc4 26. exf5 Rxf5 27. Qe4 $16) 24... d3 25. Nb4 $19 (25. f4 $5 dxc2 26. Qxc2
Qd4+ 27. Kh1 Nxc4 28. Rd3 $19) 25... fxe4 26. Rxe4 Nf3+ 27. Kg2 Nxg5 28. Rg4
Qf5 $1 {surprise!} 29. Rb2 (29. Nxd3 Nf3 30. Rxg6 Qxg6 31. Nf4 Nh4+ 32. Kh3 $19
) 29... h5 (29... Nf3 $142 {and Black can already relax} 30. h3 Rbe8 31. Nxd3
Qxd3 32. Qxd3 Ne1+ 33. Kf1 Nxd3 34. Re2 Rxe2 35. Kxe2 $19) 30. Rxg5 Qxg5 31.
Qxd3 (31. Nxd3 Rbd8 32. Kh1 Rxd3 33. Qxd3 Qc1+ 34. Kg2 Qxb2 35. Qd5+ Rf7 36.
Qc5 $19) 31... Nf4+ (31... Nf4+ 32. Kg1 Nxd3 33. Nxd3 Qg4 $19) 0-1

[Event "Norwood Centenary"]
[Site "Norwood"]
[Date "1990.04.14"]
[Round "1.6"]
[White "Lee, Simon"]
[Black "Brown, Cyril D"]
[Result "1-0"]
[WhiteElo "1859"]
[BlackElo "1421"]
[PlyCount "93"]
[EventDate "1990.04.14"]
[EventType "swiss"]
[EventRounds "6"]
[EventCountry "AUS"]

1. d4 d5 2. e3 Nf6 3. Bd3 c5 4. c3 {Queen's Pawn Game} c4 (4... Qc7 5. f4 g6 6.
Nf3 Bg7 7. O-O Bf5 8. Bxf5 gxf5 9. Nbd2 Nbd7 10. Ne5 e6 11. b3 cxd4 12. cxd4
Qc3 13. Ndc4 Nxe5 14. Nd6+ Kd7 15. fxe5 Qxa1 16. Qd3 a6 17. Nxf5 Rac8 18. Bd2
Qxa2 19. Nxg7 {Herzog,A-Petschar,K/AUT-chT 1994/TD 94\03/1-0 (29)}) 5. Bc2 e6
6. f4 $146 (6. Nd2 Qc7 $11) 6... Bd6 7. Nf3 b6 8. Ne5 Bb7 9. Nd2 Nc6 10. O-O
Ne7 11. Ba4+ Kf8 12. g4 a6 {Prevents intrusion on b5} 13. g5 {White wins space}
Nfg8 $4 $18 (13... Nf5 $142 {the only rescuing move} 14. gxf6 gxf6 $15) 14.
Nd7+ Ke8 15. Nxb6+ $1 {touché!} Bc6 16. Bxc6+ Nxc6 17. Nxa8 Qxa8 18. b4 (18. e4
$142 $5 {might be the shorter path} Nge7 $18) 18... Nge7 19. Nf3 h6 20. gxh6
Rxh6 21. Rf2 f6 22. a4 Kf7 (22... Qb8 23. b5 Na5 24. bxa6 $18) 23. Ng5+ Kg8 24.
Nxe6 f5 25. Ng5 Nd8 26. Raa2 Nf7 27. Nxf7 Kxf7 28. Rg2 Qh8 (28... Qd8 29. Rg3
$18) 29. b5 a5 30. Rg5 g6 31. Qf3 Rh3 32. Rg3 Rh6 33. Qg2 Qf6 34. Rh3 Rh4 35.
Rxh4 Qxh4 36. Qg3 (36. Re2 {seems even better} Qh8 $18) 36... Qh5 37. Qe1 Ng8
38. Qe2 {The game is finished by a kings attack} Qh3 39. Qg2 Qh5 (39... Qxg2+ {
otherwise it's curtains at once} 40. Rxg2 Bc7 $18) 40. Qxd5+ Ke7 (40... Kg7 {
doesn't change the outcome of the game} 41. Qxd6 Qd1+ 42. Kg2 Qxc1 43. b6 $18)
41. Qxc4 {The passed pawn on c3 will quickly become a dangerous weapon} (41.
Qxg8 $5 {keeps an even firmer grip} Qd1+ 42. Kf2 Qxc1 43. Qg7+ Kd8 44. Qxg6 Bc7
$18) 41... Nf6 (41... Qd1+ {doesn't do any good} 42. Qf1 Qb3 43. Qe2 Qxc3 44.
Bd2 $18) 42. Qe2 Qh3 43. c4 Ne4 44. c5 Nc3 (44... Bb8 {does not help much} 45.
Rc2 $18) 45. cxd6+ Kxd6 46. Qg2 {Threatening mate: Ba3} Qh5 (46... Qxg2+ {
does not solve anything} 47. Rxg2 Nxa4 48. Rxg6+ Kd7 49. Bd2 $18) 47. Qc6+ (47.
Qc6+ Ke7 48. Qxc3 Qd1+ 49. Kf2 $18) 1-0

[Event "Norwood Centenary"]
[Site "Norwood"]
[Date "1990.04.14"]
[Round "1.7"]
[White "Pointer, Geoffrey"]
[Black "MacIlwain, Robert"]
[Result "0-1"]
[WhiteElo "1364"]
[BlackElo "1854"]
[PlyCount "30"]
[EventDate "1990.04.14"]
[EventType "swiss"]
[EventRounds "6"]
[EventCountry "AUS"]

1. c4 (1. d4 d5 2. Nf3 Nf6 3. c4 dxc4 4. e3 g6 5. Bxc4 Bg7 6. O-O O-O 7. h3 (7.
Qe2 c5 (7... Ne4 8. Nc3 Nd6 9. Bb3 Nc6 10. Rd1 Bg4 11. h3 Bxf3 12. Qxf3 e5 13.
dxe5 Nxe5 14. Qe2 Qh4 15. Bd2 g5 16. f4 gxf4 17. exf4 Nc6 18. Be3 Nf5 19. Qf2
Qf6 20. Rd2 Nxe3 21. Qxe3 Rfe8 22. Qf2 {
Fernandez,R-Naer,E/WchJM-U16 Bratislava 1993/TD 93\05/1/2-1/2 (45)}) 8. dxc5
Nc6 9. Nc3 Qa5 10. Bd2 Qxc5 11. h3 Ne5 12. Bb3 Rd8 13. Nd4 Bd7 14. Rfd1 Rac8
15. Na4 Bxa4 16. Bxa4 Ne4 17. Be1 a6 18. Bc2 Nd6 19. Rac1 Qb6 20. Bb3 Ne4 21.
Rxc8 Rxc8 22. Bc2 Nd6 23. Bb1 Nec4 24. Bc3 Nb5 25. Nxb5 Qxb5 26. Bxg7 Kxg7 27.
Bd3 Qb4 28. Qg4 Qc5 29. Rc1 h6 30. b3 Rd8 31. Bxc4 Rd2 32. Qf4 e6 33. e4 {
1-0 Gelfand,B-Balashov,Y/URS-FL Sverdlovsk 1987/TD 87\01 (33)}) (7. b3 c5 8.
Bb2 cxd4 9. Nxd4 Nbd7 (9... Bd7 10. Nd2 Nc6 11. N2f3 Qa5 12. a3 Rac8 13. b4 Qb6
14. Qb3 Ne4 15. Nxc6 Bxc6 16. Bxg7 Kxg7 17. Rfd1 Nd6 18. Be2 Bb5 19. Qb2+ Kg8
20. Bxb5 Qxb5 21. a4 Qf5 22. Rac1 Rxc1 23. Rxc1 Rc8 {
1/2-1/2 Tunik,G-Najer,E/St.Petersburg op 1993/TD 93\09 (23)}) 10. Nd2 a6 11.
Rc1 e5 12. N4f3 Qe7 13. e4 Nh5 14. Re1 Nf4 15. Bf1 b5 16. a4 Rb8 17. axb5 axb5
18. Qc2 Ne6 19. Nb1 b4 20. Nbd2 Bb7 21. Nc4 Rbc8 {
Tibensky,R-Meister,Y/SVK-chT 1994/TD 94\03/1/2-1/2 (53)}) 7... a6 8. a4 b6 9.
Nc3 Bb7 10. Qe2 e6 11. e4 Nc6 12. Rd1 Qc8 13. Bf4 Re8 14. Rac1 Nb4 15. Bb3 Ra7
{Raichle,J-Lutz,R/OLWuert 1988/GER 01/1-0 (34)}) 1... Nf6 2. d4 g6 3. e3 Bg7 4.
Nf3 O-O 5. Be2 d5 $14 (5... c5 6. O-O $11) 6. O-O dxc4 7. Bxc4 {
Queen's Gambit Accepted} c5 8. dxc5 Qa5 9. a3 Qxc5 10. Qd4 Qc7 11. Qc3 Nc6 12.
Bd2 Bf5 13. Nd4 $2 $19 (13. Qb3 $142 $15 {is the best option White has}) 13...
Be4 $4 $15 {
not a good decision, because now the opponent is right back in the game} (13...
Bxb1 $142 {Black has a promising position} 14. Raxb1 Ne4 $19) 14. f3 {
Controls g4} Bd5 15. Be1 $4 $19 (15. Bb5 $142 $15 {
this is the best bet to save the position}) 15... Nxd4 (15... Nxd4 16. Bd3 Nc6
$19) 0-1

[Event "Norwood Centenary"]
[Site "Norwood"]
[Date "1990.04.14"]
[Round "1.8"]
[White "Sremcevic, George"]
[Black "Balazs, David"]
[Result "1-0"]
[WhiteElo "1827"]
[BlackElo "1330"]
[PlyCount "55"]
[EventDate "1990.04.14"]
[EventType "swiss"]
[EventRounds "6"]
[EventCountry "AUS"]

1. Nf3 b6 2. d4 Bb7 3. e3 e6 4. c4 c5 5. Nc3 Nf6 {Queen's Indian Defence} 6.
Be2 $146 (6. Bd3 Be7 7. O-O O-O 8. b3 d6 9. dxc5 dxc5 10. Bb2 Nc6 11. a3 Qb8
12. Qc2 h6 13. Rad1 Rd8 14. Ne4 Nxe4 15. Bxe4 f5 16. Bd3 Qc7 17. Qe2 Rd7 18.
Bc2 Rad8 19. Rxd7 Rxd7 20. Rd1 Rxd1+ 21. Qxd1 Qd6 22. Ne1 Qxd1 23. Bxd1 Kf7 24.
f4 Bf6 25. Bxf6 Kxf6 26. Nd3 e5 27. g3 g5 28. Kf2 gxf4 29. gxf4 a5 30. Nb2 Nb8
31. Na4 Nd7 32. fxe5+ Kxe5 33. Bf3 Be4 34. Nc3 Bc2 35. Bc6 Nf6 36. Ba4 Ne4+ 37.
Nxe4 Kxe4 38. Ke2 f4 39. Bc6+ Ke5 40. Ba4 Ke4 {
Huber,H-Mertens,K/Hessenliga 1995/GER 11/0-1 (64)}) 6... Be7 $14 (6... cxd4 7.
exd4 d5 8. cxd5 Nxd5 9. O-O $11) 7. O-O $11 (7. d5 d6 $14) 7... O-O (7... cxd4
8. exd4 d5 9. Ne5 $11) 8. Bd3 d6 {Controls e5} 9. Re1 Nbd7 10. a3 Qc7 11. b3 a6
{Secures b5} 12. a4 (12. Bb2 Rfe8 $11) 12... Rfe8 13. Bb2 Bf8 14. Bb1 d5 15.
Bd3 cxd4 16. exd4 Bb4 {The bishop feels good on b4} 17. Rc1 Qd6 18. Ne5 Rad8
19. Re3 dxc4 20. bxc4 Qxd4 $4 $18 {what a pity, victory was in sight.} (20...
Nxe5 21. dxe5 Qc6 $11) 21. Bxh7+ $1 {the knockout punch} Kxh7 (21... Nxh7 {
doesn't get the bull off the ice} 22. Qxd4 Bc5 23. Qf4 Nxe5 24. Qxe5 $18) 22.
Qxd4 Bc5 (22... Nxe5 {does not improve anything} 23. Qxb6 Nd3 24. Rxd3 Rxd3 25.
Qxb7 Bxc3 26. Bxc3 $18) 23. Qh4+ Kg8 24. Rh3 {Threatening mate... how?} Kf8 25.
Nxd7+ (25. Nd5 Nxe5 26. Bxe5 exd5 27. Bxf6 Bxf2+ 28. Qxf2 Re1+ 29. Rxe1 gxf6
30. Qxf6 dxc4 31. Rh8#) 25... Rxd7 (25... Nxd7 {does not save the day} 26. Nd5
$1 {takes home the point} f6 27. Nxf6 $18) 26. Ne2 (26. Nd5 Bxf2+ 27. Kxf2 Rxd5
28. cxd5 Ng4+ 29. Qxg4 Rc8 30. Qxg7+ Ke7 31. Qf6+ Kd6 32. Be5+ Kxd5 33. Rd3+
Ke4 34. Rd4#) 26... Rd2 (26... Red8 {the only chance to get some counterplay}
27. Kh1 Ne4 28. Bxg7+ Ke8 $18) 27. Bxf6 Bxf2+ (27... gxf6 {
doesn't get the cat off the tree} 28. Qxf6 $1 {doomsday} Bxf2+ 29. Kxf2 Rxe2+
30. Kxe2 Bf3+ 31. Kxf3 e5 32. Rh8#) 28. Kxf2 (28. Kxf2 Rxe2+ 29. Kxe2 Bf3+ 30.
gxf3 gxf6 31. Qxf6 Rd8 32. Rh8#) (28. Qxf2 Rd1+ 29. Rxd1 gxf6 30. Qxf6 Bxg2 31.
Rh8#) 1-0

[Event "Norwood Centenary"]
[Site "Norwood"]
[Date "1990.04.14"]
[Round "1.9"]
[White "Bailey, Cliff"]
[Black "Thompson, Alan"]
[Result "0-1"]
[WhiteElo "1300"]
[BlackElo "1774"]
[PlyCount "68"]
[EventDate "1990.04.14"]
[EventType "swiss"]
[EventRounds "6"]
[EventCountry "AUS"]

1. c4 Nf6 2. Nf3 e6 3. d4 d5 4. cxd5 exd5 5. Nc3 Be7 6. e3 O-O 7. Be2 c5 8. O-O
Nc6 {Queen's Gambit [Tarrasch Defence]} 9. a3 (9. h3 Bf5 10. a3 c4 11. b3 Na5
12. bxc4 dxc4 13. Ra2 Nd5 14. Bb2 Rb8 15. Nd2 Nxc3 16. Bxc3 b5 17. e4 Bd7 18.
f4 b4 19. axb4 Bxb4 20. Qc2 Qc7 21. f5 Rfc8 22. e5 Bxc3 23. Qxc3 Nb3 {
Zabasajja,W-Georgiades,G/Manila olm 1992/TD 92\02/1-0 (34)}) 9... a6 $146 {
Consolidates b5} (9... Be6 10. dxc5 Bxc5 11. b4 Bd6 12. Nb5 Bb8 13. Bb2 a6 14.
Nbd4 Ne4 15. Nxc6 bxc6 16. Rc1 Qd7 17. Ne5 Bxe5 18. Bxe5 a5 19. f3 Nd6 20. Qd4
axb4 21. Qxb4 Nf5 22. Qc3 Qa7 23. Bd4 Nxd4 24. exd4 {
Gnewuch,M-Schulze,S/Bargteheide op 1989/TD 89\05/0-1 (55)}) (9... Ne4 10. Nd2
cxd4 11. Ndxe4 dxe4 12. Nxe4 f5 13. Ng3 dxe3 14. Qb3+ Kh8 15. fxe3 Bc5 16. Kh1
Qe7 17. Bf3 Be6 18. Qc3 Rac8 19. b4 Bd6 20. Bb2 Be5 21. Qd2 Bxg3 22. hxg3 Rcd8
23. Qc3 Qg5 24. b5 {Duesterwald,E-Kaluza,J/NRW-I 1989/BIG 80/1/2-1/2 (52)}) (
9... Bf5 10. dxc5 Bxc5 11. b4 Bb6 12. Na4 Bc7 13. Bb2 Ng4 14. Nc5 b6 15. Nd3
Re8 16. Rc1 Nce5 17. Nfxe5 Nxe5 18. Nf4 Nc4 19. Bxc4 dxc4 20. Rxc4 Bxf4 21.
Rxf4 Qxd1 22. Rxd1 Rad8 23. Rfd4 Rxd4 24. Rxd4 {
Kos,S-Bruhn,B/GER-chJI U20 Hamburg 1993/TD 93\05/1/2-1/2 (37)}) 10. b3 Bf5 11.
Bb2 h6 $14 {Covers g5} (11... b6 12. Rc1 $11) 12. Na4 $11 (12. Rc1 cxd4 13.
Nxd4 Nxd4 14. Qxd4 Re8 $14) 12... Ne4 $14 (12... cxd4 13. Nxd4 Nxd4 14. Qxd4
$14) 13. Nxc5 Nxc5 14. dxc5 Bxc5 15. b4 $11 (15. Rc1 Qd6 $14) 15... Bb6 16. Nd2
Re8 17. Nb3 d4 $14 (17... Qd6 $5 $11) 18. Nc5 $17 (18. exd4 $142 {
and White can hope to survive} Qh4 19. d5 $14) 18... Bxc5 19. bxc5 dxe3 20.
fxe3 {Prevents intrusion on d4} Qg5 21. Bc4 Qxe3+ 22. Kh1 Be6 (22... Qxc5 $6
23. Rc1 Qa5 24. Bc3 $11) 23. Qc2 Nd4 (23... Qxc5 $6 24. Rxf7 Ne5 25. Rc7 $11)
24. Qa4 Bxc4 25. Qxc4 Ne6 26. Rf5 Rac8 27. Raf1 $19 (27. Qf1 $5 $17) 27... Rxc5
{Opening the c-file gets Black a lot of play} 28. Rxc5 Qxc5 29. Qa4 Rd8 30. Qb3
b5 31. Qf3 Qc7 32. Qg4 (32. Bc1 Nc5 $19) 32... Qc4 {Do you see the mate threat?
} 33. Qf3 (33. Qxc4 bxc4 34. Kg1 $19) 33... Ng5 {Threatening mate... how?} 34.
Qg3 (34. Qf5 {there is nothing better in the position} Rd5 35. Qb1 $19) 34...
Qxf1# 0-1